000 00735nam a2200217Ia 4500
003 OSt
005 20251126144417.0
008 210719s2009 xx 000 0 und d
020 _a81-7067-180-61
040 _cAL
041 _aKannada
082 _a615.535K PALS
100 _aPALLATTADKA KESHAVA BHATTA
_dಪಳ್ಳತ್ತಡ್ಕ ಕೇಶವ ಭಟ್
_9246885
245 _aSarala chikitseyinda samagra chintanadege
_bಸರಳ ಚಿಕಿತ್ಸೆಯಿಂದ ಸಮಗ್ರ ಚಿಂತನದೆಡೆಗೆ
260 _aMaisUr
_bKavyalaya
_c2009
300 _axxi,222
_bPB
365 _b160
_cRs
650 _aHealth
_9246886
906 _achikitseyinda ; chintanadeDeghe ; samagra ; SaraLa
942 _2ddc
_cBK
999 _c215432
_d215432